[Event "DEN-chT 2324 61st"]
[Site "Denmark"]
[Date "2024.01.27"]
[Round "5.4"]
[White "Bank, Pelle Rodkjaer"]
[Black "Jacobsen, Mikkel Manosri"]
[Result "0-1"]
[WhiteElo "2285"]
[BlackElo "2321"]
[PlyCount "80"]
[EventDate "2023.10.28"]
[EventType "team-tourn"]
[EventRounds "9"]
[EventCountry "DEN"]
[SourceTitle "CB11_2024"]
[SourceDate "2024.03.13"]
[SourceVersion "1"]
[SourceVersionDate "2024.03.13"]
[SourceQuality "1"]
[WhiteTeam "Copenhagen 68"]
[BlackTeam "BMS"]
[WhiteTeamCountry "DEN"]
[BlackTeamCountry "DEN"]

1. e4 c5 2. Nc3 Nc6 3. Nge2 Nd4 4. d3 g6 5. h4 h6 6. Nxd4 cxd4 7. Ne2 Bg7 8. c3 dxc3 9. Nxc3 e6 10. d4 Ne7 11. Be3 d5 12. Bd3 dxe4 13. Bxe4 Bd7 14. 0-0 Bc6 15. Bxc6+ bxc6 16. h5 g5 17. Qa4 0-0 18. Rac1 Rb8 19. b3 a5 20. Rfd1 Rb4 21. Qa3 Nf5 22. Ne2 Qd5 23. Rc5 Qe4 24. Nc3 Qg4 25. Qxa5 Nh4 26. g3 Rxd4 27. Bxd4 Bxd4 28. Rxd4 Nf3+ 29. Kg2 Nxd4 30. Rc4 Qf3+ 31. Kg1 Qd3 32. Qb6 Nf3+ 33. Kg2 Nd2 34. Qe3 Qxe3 35. fxe3 Nxc4 36. bxc4 Rd8 37. Kf3 Rd3 38. Ne2 c5 39. g4 Ra3 40. Ng3 Ra4 0-1

[Event "DEN-ch blitz Final Gr-1"]
[Site "Svendborg"]
[Date "2022.04.15"]
[Round "3"]
[White "Jaksland, Tim"]
[Black "Bank, Pelle Rodkjaer"]
[Result "1-0"]
[WhiteElo "2203"]
[BlackElo "2291"]
[PlyCount "34"]
[EventDate "2022.04.15"]
[EventType "tourn (blitz)"]
[EventRounds "7"]
[EventCountry "DEN"]
[SourceTitle "EXT 2024"]
[Source "ChessBase"]
[SourceDate "2023.10.10"]
[SourceVersion "1"]
[SourceVersionDate "2023.10.10"]
[SourceQuality "1"]

1. e4 Nc6 2. Nf3 f5 3. exf5 d5 4. d4 Bxf5 5. Bd3 Bg4 6. c3 e5 7. dxe5 Nxe5 8. Be2 Bxf3 9. Bxf3 Nf6 10. 0-0 Nxf3+ 11. Qxf3 Be7 12. Bg5 0-0 13. Qe2 Bc5 14. Nd2 Qe8 15. Rae1 Qg6 16. Bxf6 Qxf6 17. Nb3 Bb6 1-0

[Event "DEN-ch blitz Final Gr-1"]
[Site "Svendborg"]
[Date "2022.04.15"]
[Round "7"]
[White "Meskenas, Paulius"]
[Black "Bank, Pelle Rodkjaer"]
[Result "1-0"]
[WhiteElo "2110"]
[BlackElo "2291"]
[PlyCount "135"]
[EventDate "2022.04.15"]
[EventType "tourn (blitz)"]
[EventRounds "7"]
[EventCountry "DEN"]
[SourceTitle "EXT 2024"]
[Source "ChessBase"]
[SourceDate "2023.10.10"]
[SourceVersion "1"]
[SourceVersionDate "2023.10.10"]
[SourceQuality "1"]

1. e4 e6 2. d4 b5 3. Bxb5 Bb7 4. Bd3 f5 5. exf5 Bxg2 6. Qh5+ g6 7. fxg6 Bg7 8. gxh7+ Kf8 9. hxg8Q+ Kxg8 10. Qg4 Bxh1 11. Bf4 Nc6 12. Nc3 Qh4 13. Qxh4 Rxh4 14. Bg3 Rxd4 15. 0-0-0 Rb4 16. a3 Rb7 17. Na4 Rab8 18. Ba6 Rxb2 19. Nxb2 Rxb2 20. Rd3 d6 21. Rxd6 Ra2 22. Rd7 Bf3 23. Ne2 Rxa3 24. Bc4 Bxe2 25. Rxc7 Bd4 26. Bxe2 Bc3 27. Rb7 Nb4 28. Rb8+ Kg7 29. Be5+ Bxe5 30. Rxb4 Bc3 31. Rb7+ Kf6 32. Bd3 a5 33. Kd1 Ra1+ 34. Ke2 a4 35. Ra7 a3 36. Kf3 Bb2 37. Bc4 Rh1 38. Kg2 Rc1 39. Bb3 Re1 40. Ra6 Re2 41. Kf3 Rd2 42. Ke3 Rd8 43. Rxe6+ Kf5 44. Ra6 Rh8 45. Ra5+ Kf6 46. Kf4 Rxh2 47. Ra6+ Ke7 48. f3 Re2 49. Kg4 Rg2+ 50. Kf5 Rf2 51. f4 Bc1 52. Ra7+ Kd6 53. Ra6+ Kc5 54. Ra5+ Kd6 55. Ra4 a2 56. Bxa2 Rxc2 57. Bf7 Rc7 58. Rd4+ Ke7 59. Bb3 Rc5+ 60. Kg4 Rb5 61. Ba4 Ra5 62. f5 Kf6 63. Rd6+ Ke7 64. Re6+ Kf7 65. Bb3 Ra3 66. Rb6+ Ke7 67. f6+ Kf8 68. Rb8# 1-0

[Event "Aarhus-chA"]
[Site "Aarhus"]
[Date "2022.02.11"]
[Round "3"]
[White "Bank, Pelle Rodkjaer"]
[Black "Vinter Schou, Uffe"]
[Result "1-0"]
[WhiteElo "2270"]
[BlackElo "2298"]
[PlyCount "103"]
[EventDate "2022.02.10"]
[EventType "tourn"]
[EventRounds "5"]
[EventCountry "DEN"]
[SourceTitle "EXT 2024"]
[Source "ChessBase"]
[SourceDate "2023.10.10"]
[SourceVersion "1"]
[SourceVersionDate "2023.10.10"]
[SourceQuality "1"]

1. d4 c5 2. d5 g6 3. e4 Bg7 4. Nc3 d6 5. Nf3 Nf6 6. Bb5+ Nfd7 7. a4 Na6 8. 0-0 0-0 9. Re1 Nc7 10. Bf4 a6 11. Bf1 Rb8 12. Qd2 b5 13. axb5 axb5 14. Bh6 b4 15. Bxg7 Kxg7 16. Nd1 Nf6 17. c4 Bg4 18. e5 Nd7 19. exd6 exd6 20. Ng5 Bxd1 21. Raxd1 Nf6 22. b3 h6 23. Nh3 Nd7 24. Qb2+ Qf6 25. Qxf6+ Kxf6 26. f4 Rfe8 27. Nf2 Kg7 28. Ne4 Rb6 29. g4 Ra6 30. Bd3 Rd8 31. h4 Ne8 32. g5 hxg5 33. hxg5 Ra3 34. Bc2 Ra2 35. Rd2 Rda8 36. Kg2 Rb2 37. Ree2 Kf8 38. Kf3 Ra6 39. Rh2 Kg7 40. Rde2 Raa2 41. Ke3 Nb6 42. Kd3 Ra3 43. Nd2 Nc7 44. Ne4 Ne8 45. Nf2 Nc7 46. Ng4 Ncxd5 47. cxd5 Nxd5 48. Kc4 Nxf4 49. Rh7+ Kxh7 50. Nf6+ Kg7 51. Re8 d5+ 52. Kb5 1-0

[Event "Aarhus-chA"]
[Site "Aarhus"]
[Date "2022.02.10"]
[Round "1"]
[White "Pedersen, Steffen"]
[Black "Bank, Pelle Rodkjaer"]
[Result "0-1"]
[WhiteElo "2337"]
[BlackElo "2270"]
[PlyCount "80"]
[EventDate "2022.02.10"]
[EventType "tourn"]
[EventRounds "5"]
[EventCountry "DEN"]
[SourceTitle "EXT 2024"]
[Source "ChessBase"]
[SourceDate "2023.10.10"]
[SourceVersion "1"]
[SourceVersionDate "2023.10.10"]
[SourceQuality "1"]

1. d4 d5 2. c4 e6 3. Nf3 c5 4. cxd5 exd5 5. g3 Nc6 6. Bg2 Nf6 7. Nc3 cxd4 8. Nxd4 Bc5 9. Nb3 Bb6 10. 0-0 d4 11. Na4 0-0 12. Nxb6 axb6 13. Bg5 Re8 14. Qd2 Bg4 15. Rfe1 h6 16. Bxf6 Qxf6 17. Nc1 Qg5 18. Qxg5 hxg5 19. h3 Bf5 20. Rd1 Nb4 21. Nb3 Nc2 22. Rac1 Rxa2 23. g4 Be6 24. Nxd4 Nxd4 25. Rxd4 Rxb2 26. e3 Ra8 27. Bf1 Raa2 28. Rd8+ Kh7 29. Bd3+ g6 30. Bb1 Ra3 31. Be4 Ra4 32. Bd3 Kg7 33. Rc2 Rxc2 34. Bxc2 Rc4 35. Bd3 Rc5 36. Be4 b5 37. Rd6 b4 38. Rb6 b3 39. Rxb7 Rc4 40. Bd3 Rc1+ 0-1

[Event "DEN-chT 2122 59th"]
[Site "Denmark"]
[Date "2022.01.29"]
[Round "5.1"]
[White "Olsen, Filip Boe"]
[Black "Bank, Pelle Rodkjaer"]
[Result "1-0"]
[WhiteElo "2357"]
[BlackElo "2322"]
[PlyCount "61"]
[EventDate "2021.10.30"]
[EventType "team-tourn"]
[EventRounds "9"]
[EventCountry "DEN"]
[SourceTitle "EXT 2023"]
[Source "ChessBase"]
[SourceDate "2022.10.05"]
[SourceVersion "1"]
[SourceVersionDate "2022.10.05"]
[SourceQuality "1"]
[WhiteTeam "Skanderborg Nordea"]
[BlackTeam "Copenhagen 68"]
[WhiteTeamCountry "DEN"]
[BlackTeamCountry "DEN"]

1. d4 Nc6 2. Nf3 d6 3. g3 g6 4. Bg2 Bg7 5. 0-0 Bg4 6. d5 Ne5 7. Nd4 Bd7 8. f4 c5 9. fxe5 cxd4 10. exd6 Qb6 11. dxe7 Nxe7 12. Nd2 Rc8 13. Kh1 0-0 14. c3 Nf5 15. Ne4 dxc3 16. Nxc3 Ne3 17. Bxe3 Qxe3 18. Qb3 b6 19. Qa3 b5 20. Rf3 Qd4 21. Qe7 Bf5 22. Rd1 Qb6 23. d6 Be6 24. d7 Rcd8 25. Ne4 Bxb2 26. Ng5 b4 27. Rd6 Qa5 28. Nxe6 b3 29. axb3 fxe6 30. Rxf8+ Rxf8 31. Qxf8+ 1-0

[Event "DEN Club Cup"]
[Site "Koge"]
[Date "2021.06.27"]
[Round "4.1"]
[White "Bank, Pelle Rodkjaer"]
[Black "Hillarp Persson, Tiger"]
[Result "0-1"]
[WhiteElo "2302"]
[BlackElo "2538"]
[PlyCount "74"]
[EventDate "2021.06.25"]
[EventType "team-tourn"]
[EventRounds "5"]
[EventCountry "DEN"]
[SourceTitle "EXT 2023"]
[Source "ChessBase"]
[SourceDate "2022.10.05"]
[SourceVersion "1"]
[SourceVersionDate "2022.10.05"]
[SourceQuality "1"]
[WhiteTeam "Copenhagen 68"]
[BlackTeam "Bronshoj"]
[WhiteTeamCountry "DEN"]
[BlackTeamCountry "DEN"]

1. e4 c5 2. a3 g6 3. Bc4 Bg7 4. h4 h6 5. h5 g5 6. f4 e6 7. fxg5 Qxg5 8. Kf1 Nc6 9. Nf3 Qe7 10. Nc3 Nf6 11. Qe1 d6 12. d3 a6 13. Bf4 b5 14. Ba2 Bb7 15. g4 Nd7 16. g5 hxg5 17. Bxg5 Bf6 18. Qh4 Bxg5 19. Qxg5 Qxg5 20. Nxg5 Nd4 21. h6 Ke7 22. Ne2 Rag8 23. Nxd4 Rxg5 24. Nf3 Rg6 25. Kf2 Rgxh6 26. Rxh6 Rxh6 27. Rg1 Rh8 28. Rg7 Kf8 29. Rg3 Nf6 30. Rg1 d5 31. exd5 Nxd5 32. Rg4 Rh3 33. Rh4 Rxh4 34. Nxh4 Nb6 35. b4 cxb4 36. axb4 Bd5 37. Bxd5 Nxd5 0-1

[Event "DEN Club Cup"]
[Site "Koge"]
[Date "2021.06.26"]
[Round "3.1"]
[White "Bank, Pelle Rodkjaer"]
[Black "Marchena Hurtado, Javier"]
[Result "1/2-1/2"]
[WhiteElo "2302"]
[BlackElo "2364"]
[PlyCount "63"]
[EventDate "2021.06.25"]
[EventType "team-tourn"]
[EventRounds "5"]
[EventCountry "DEN"]
[SourceTitle "EXT 2023"]
[Source "ChessBase"]
[SourceDate "2022.10.05"]
[SourceVersion "1"]
[SourceVersionDate "2022.10.05"]
[SourceQuality "1"]
[WhiteTeam "Copenhagen 68"]
[BlackTeam "Obro"]
[WhiteTeamCountry "DEN"]
[BlackTeamCountry "DEN"]

1. d4 d5 2. c4 c6 3. cxd5 cxd5 4. Bg5 h6 5. Bh4 Qb6 6. Nc3 e6 7. Qd2 Nc6 8. e3 Bd6 9. Bd3 Nge7 10. Nf3 Bd7 11. Bg3 Bxg3 12. hxg3 f6 13. Rc1 Qa5 14. a3 Rc8 15. 0-0 0-0 16. Bb1 Be8 17. Nh4 Bh5 18. Rfe1 f5 19. Nf3 b5 20. Bd3 b4 21. Nb1 bxa3 22. bxa3 Bxf3 23. gxf3 Rb8 24. Qxa5 Nxa5 25. Rc5 Nec6 26. Bb5 Rb6 27. Ba4 Rfb8 28. Nc3 Ra6 29. Bb5 Rab6 30. Ba4 Ra6 31. Bb5 Rab6 32. Ba4 1/2-1/2

[Event "DEN Club Cup"]
[Site "Koge"]
[Date "2021.06.26"]
[Round "2.1"]
[White "Hansen, Sune Berg"]
[Black "Bank, Pelle Rodkjaer"]
[Result "1/2-1/2"]
[WhiteElo "2533"]
[BlackElo "2302"]
[PlyCount "95"]
[EventDate "2021.06.25"]
[EventType "team-tourn"]
[EventRounds "5"]
[EventCountry "DEN"]
[SourceTitle "EXT 2023"]
[Source "ChessBase"]
[SourceDate "2022.10.05"]
[SourceVersion "1"]
[SourceVersionDate "2022.10.05"]
[SourceQuality "1"]
[WhiteTeam "Hillerod"]
[BlackTeam "Copenhagen 68"]
[WhiteTeamCountry "DEN"]
[BlackTeamCountry "DEN"]

1. e4 Nc6 2. Nf3 d6 3. d4 Nf6 4. c3 e5 5. Bd3 d5 6. dxe5 dxe4 7. exf6 Qxd3 8. Qxd3 exd3 9. fxg7 Bxg7 10. 0-0 Bf5 11. Re1+ Kd7 12. Be3 h6 13. Nbd2 Rad8 14. Nb3 Bg6 15. Rad1 Kc8 16. h3 Rd5 17. Bf4 a5 18. a4 Rhd8 19. Nbd2 b6 20. Re3 Kb7 21. Kf1 Rf5 22. g3 Rfd5 23. Kg2 Kc8 24. Rde1 Kb7 25. g4 Kc8 26. Bg3 Kb7 27. Nh4 Bh7 28. Kh2 h5 29. Bf4 hxg4 30. hxg4 Bf6 31. Ng2 Rg8 32. f3 Nd8 33. Be5 Bxe5+ 34. Rxe5 Rxe5 35. Rxe5 Ne6 36. Kg3 Nc5 37. b3 f5 38. Re7 Bg6 39. Ne3 Kc6 40. Nec4 fxg4 41. fxg4 Bh5 42. Ne3 Kd6 43. Nf5+ Kc6 44. Nh6 Re8 45. Nf5 Rg8 46. Nh6 Re8 47. Nf5 Rg8 48. Nh6 1/2-1/2

[Event "DEN-chT 1819 57th"]
[Site "Denmark"]
[Date "2019.01.13"]
[Round "6.4"]
[White "Bank, Pelle Rodkjaer"]
[Black "Wiwe, Andreas"]
[Result "1/2-1/2"]
[WhiteElo "2299"]
[BlackElo "2312"]
[PlyCount "110"]
[EventDate "2018.10.27"]
[EventType "team-tourn"]
[EventRounds "9"]
[EventCountry "DEN"]
[SourceTitle "CBM 188 Extra"]
[Source "ChessBase"]
[SourceDate "2019.02.26"]
[SourceVersion "1"]
[SourceVersionDate "2019.02.26"]
[SourceQuality "1"]
[WhiteTeam "Copenhagen 68"]
[BlackTeam "Jetsmark"]
[WhiteTeamCountry "DEN"]
[BlackTeamCountry "DEN"]

1. c4 e5 2. Nc3 Nc6 3. Nf3 f5 4. d4 e4 5. Nd2 Nf6 6. e3 g6 7. Be2 Bg7 8. 0-0 0-0 9. Rb1 Qe7 10. Qa4 d6 11. b4 Bd7 12. b5 Nd8 13. Qb4 Nf7 14. a4 f4 15. exf4 e3 16. Nf3 exf2+ 17. Rxf2 Bf5 18. Rb3 Rae8 19. h3 Ne4 20. Nxe4 Bxe4 21. Qd2 Qf6 22. Bb2 Bh6 23. Nh2 d5 24. Ng4 Qe6 25. Ba3 Bg7 26. Bxf8 Rxf8 27. c5 h5 28. Ne5 Nh6 29. Rg3 Rf6 30. c6 b6 31. a5 Nf5 32. Ra3 Bf8 33. Ra4 Bd6 34. axb6 axb6 35. Kh2 Rf8 36. Bf3 h4 37. Bg4 Kg7 38. Qa2 Qe8 39. Bxf5 gxf5 40. Qa1 Kh6 41. Rfa2 Rg8 42. Qe1 Rg3 43. Qf1 Qg8 44. Qf2 Bxe5 45. fxe5 Qg5 46. Ra8 Rxg2+ 47. Qxg2 Qf4+ 48. Kg1 Bxg2 49. Rxg2 Qxd4+ 50. Kh1 Qxe5 51. Rag8 d4 52. R8g6+ Kh7 53. R6g5 Kh6 54. Rg6+ Kh7 55. R6g5 Kh6 1/2-1/2

[Event "DEN-chT 1718 56th"]
[Site "Denmark"]
[Date "2018.03.10"]
[Round "8.5"]
[White "Ostergaard, Jens"]
[Black "Bank, Pelle Rodkjaer"]
[Result "1/2-1/2"]
[WhiteElo "2220"]
[BlackElo "2283"]
[PlyCount "112"]
[EventDate "2017.11.18"]
[EventType "team-tourn"]
[EventRounds "9"]
[EventCountry "DEN"]
[SourceTitle "EXT 2019"]
[Source "ChessBase"]
[SourceDate "2018.10.10"]
[SourceVersion "1"]
[SourceVersionDate "2018.10.10"]
[SourceQuality "1"]
[WhiteTeam "Hillerod"]
[BlackTeam "Copenhagen 68"]
[WhiteTeamCountry "DEN"]
[BlackTeamCountry "DEN"]

1. d4 e6 2. c4 b6 3. Nc3 Bb7 4. Nf3 Bb4 5. g3 Nf6 6. Bg2 0-0 7. 0-0 Re8 8. Qc2 Nc6 9. Rd1 Bf8 10. e4 d5 11. e5 Nb4 12. Qe2 Nd7 13. a3 Na6 14. cxd5 exd5 15. Ng5 h6 16. Bxd5 Bxd5 17. Nxd5 Ndb8 18. Qf3 hxg5 19. Nf6+ gxf6 20. Qxa8 Rxe5 21. Be3 Qd5 22. Qxa7 Re6 23. b4 b5 24. a4 Rb6 25. axb5 Nxb4 26. Qxc7 Rxb5 27. Qc8 Qd7 28. Rac1 Qxc8 29. Rxc8 Nd5 30. Ra1 Nd7 31. h4 N5b6 32. Rd8 gxh4 33. gxh4 Kg7 34. Ra7 Rd5 35. h5 Be7 36. h6+ Kh7 37. Re8 Bd6 38. Kg2 f5 39. Rd8 Be7 40. Re8 Bd6 41. Rd8 Be7 42. Re8 Bf6 43. Rb7 Bxd4 44. Re7 Bxe3 45. fxe3 Kxh6 46. Rxf7 Kg6 47. Re7 Kf6 48. Rh7 Ke5 49. Kf3 Rd6 50. Rc7 Rd3 51. Ke2 Rd5 52. Kf3 Kd6 53. Rb7 Kc6 54. Ra7 Rb5 55. Rh6+ Kd5 56. Kf4 Kc5 1/2-1/2

[Event "DEN-chT 1718 56th"]
[Site "Denmark"]
[Date "2018.01.13"]
[Round "5.1"]
[White "Bank, Pelle Rodkjaer"]
[Black "Ochsner, Bjorn Moller"]
[Result "0-1"]
[WhiteElo "2283"]
[BlackElo "2459"]
[PlyCount "88"]
[EventDate "2017.11.18"]
[EventType "team-tourn"]
[EventRounds "9"]
[EventCountry "DEN"]
[SourceTitle "EXT 2019"]
[Source "ChessBase"]
[SourceDate "2018.10.10"]
[SourceVersion "1"]
[SourceVersionDate "2018.10.10"]
[SourceQuality "1"]
[WhiteTeam "Copenhagen 68"]
[BlackTeam "Skanderborg Nordea"]
[WhiteTeamCountry "DEN"]
[BlackTeamCountry "DEN"]

1. d4 d5 2. Bf4 Nf6 3. Nd2 c5 4. dxc5 Nc6 5. Ngf3 e6 6. e3 Bxc5 7. Be2 0-0 8. 0-0 Qe7 9. Bg5 h6 10. Bh4 Rd8 11. c4 dxc4 12. Qc2 g5 13. Nxg5 hxg5 14. Bxg5 Rd5 15. Ne4 Rxg5 16. Nxg5 c3 17. bxc3 Bd7 18. Rab1 b6 19. Kh1 Kg7 20. f4 Rh8 21. Qd2 Be8 22. Rf3 Qc7 23. Rg3 Kf8 24. c4 Rh6 25. Qc3 Ke7 26. Rd1 Na5 27. Bg4 Bc6 28. Qd3 Nb7 29. Bh3 Qd8 30. Qc2 Qh8 31. e4 Nh7 32. Nf3 Nd6 33. Re1 Nxe4 34. Rxe4 Bxe4 35. Qxe4 Qa1+ 36. Qe1 Qxe1+ 37. Nxe1 Bf2 38. Nd3 Bxg3 39. hxg3 Nf6 40. Ne5 Rh8 41. g4 Rc8 42. g3 Nd7 43. Nxd7 Kxd7 44. Bf1 Rc5 0-1

[Event "DEN-chT 1718 56th"]
[Site "Denmark"]
[Date "2017.12.03"]
[Round "3.1"]
[White "Bank, Pelle Rodkjaer"]
[Black "Rosenkilde, Alexander"]
[Result "1-0"]
[WhiteElo "2283"]
[BlackElo "2216"]
[PlyCount "85"]
[EventDate "2017.11.18"]
[EventType "team-tourn"]
[EventRounds "9"]
[EventCountry "DEN"]
[SourceTitle "CBM 181 Extra"]
[Source "ChessBase"]
[SourceDate "2017.12.12"]
[SourceVersion "1"]
[SourceVersionDate "2017.12.12"]
[SourceQuality "1"]
[WhiteTeam "Copenhagen 68"]
[BlackTeam "Jetsmark"]
[WhiteTeamCountry "DEN"]
[BlackTeamCountry "DEN"]

1. d4 Nf6 2. Bg5 Ne4 3. Bf4 d5 4. f3 Nf6 5. e4 c5 6. e5 Nfd7 7. c3 cxd4 8. cxd4 Nc6 9. Be3 Nb6 10. Nc3 Bf5 11. f4 e6 12. Nf3 Be7 13. Be2 0-0 14. 0-0 Rc8 15. Rc1 Na5 16. Nd2 Nbc4 17. Nxc4 Nxc4 18. Bxc4 dxc4 19. d5 exd5 20. Nxd5 Bd3 21. Nxe7+ Qxe7 22. Rf2 b5 23. a3 Rfd8 24. Qf3 Bf5 25. Rd2 Rxd2 26. Bxd2 Qc7 27. Bb4 Qc6 28. Qf2 a6 29. Rd1 Bd3 30. Re1 Qg6 31. h3 h5 32. Kh2 Re8 33. Re3 Be4 34. Rg3 Qe6 35. Rg5 Bg6 36. Bc3 Qe7 37. h4 Bd3 38. f5 Qc7 39. Qg3 f6 40. exf6 Qxg3+ 41. Kxg3 Re3+ 42. Kf2 Re4 43. Rxg7+ 1-0

[Event "DEN-chT 1718 56th"]
[Site "Denmark"]
[Date "2017.11.19"]
[Round "2.2"]
[White "Carstensen, Jacob"]
[Black "Bank, Pelle Rodkjaer"]
[Result "1/2-1/2"]
[WhiteElo "2361"]
[BlackElo "2283"]
[PlyCount "47"]
[EventDate "2017.11.18"]
[EventType "team-tourn"]
[EventRounds "9"]
[EventCountry "DEN"]
[SourceTitle "CBM 181 Extra"]
[Source "ChessBase"]
[SourceDate "2017.12.12"]
[SourceVersion "1"]
[SourceVersionDate "2017.12.12"]
[SourceQuality "1"]
[WhiteTeam "Bronshoj"]
[BlackTeam "Copenhagen 68"]
[WhiteTeamCountry "DEN"]
[BlackTeamCountry "DEN"]

1. d4 e6 2. e4 d5 3. Nc3 Nf6 4. Bg5 Be7 5. e5 Nfd7 6. h4 h6 7. Bxe7 Qxe7 8. Qg4 Rg8 9. f4 a6 10. Nf3 c5 11. dxc5 Nc6 12. Bd3 g6 13. a3 Nxc5 14. b4 Nxd3+ 15. cxd3 Bd7 16. 0-0 0-0-0 17. Qg3 Kb8 18. Qf2 Rc8 19. Rfc1 Na7 20. Qb2 Qd8 21. Qf2 Qe7 22. Qb2 Qd8 23. Qf2 Qe7 24. Qb2 1/2-1/2

[Event "DEN-chT 1617 55th"]
[Site "Denmark"]
[Date "2017.03.18"]
[Round "8.3"]
[White "Kristensen, Kaare Hove"]
[Black "Bank, Pelle Rodkjaer"]
[Result "1-0"]
[WhiteElo "2381"]
[BlackElo "2256"]
[PlyCount "87"]
[EventDate "2016.10.29"]
[EventType "team-tourn"]
[EventRounds "9"]
[EventCountry "DEN"]
[SourceTitle "EXT 2018"]
[Source "ChessBase"]
[SourceDate "2017.10.13"]
[SourceVersion "1"]
[SourceVersionDate "2017.10.13"]
[SourceQuality "1"]
[WhiteTeam "Nordkalotten"]
[BlackTeam "Copenhagen 68"]
[WhiteTeamCountry "DEN"]
[BlackTeamCountry "DEN"]

1. e4 g6 2. d4 c6 3. c4 d5 4. exd5 cxd5 5. Nc3 Nf6 6. Nf3 Bg7 7. Be2 0-0 8. 0-0 dxc4 9. Bxc4 Bg4 10. d5 Nbd7 11. Re1 Rc8 12. Bb3 Nc5 13. h3 Bf5 14. Nd4 Bd3 15. Be3 Nfe4 16. Rc1 Nxc3 17. Rxc3 Nxb3 18. Rxc8 Qxc8 19. Qxd3 Nxd4 20. Bxd4 Bxd4 21. Qxd4 Qd7 22. Qxa7 Qxd5 23. Qb6 e5 24. a4 Re8 25. b4 Re6 26. Qe3 e4 27. Rc1 Qe5 28. a5 Rd6 29. Qc5 Rd5 30. Qc8+ Kg7 31. Re1 Rb5 32. Qc4 f5 33. Rd1 f4 34. Rd7+ Kh6 35. Qg8 e3 36. Qxh7+ Kg5 37. h4+ Kf5 38. Rf7+ Ke4 39. Re7 e2 40. Qxg6+ Kd4 41. Rxe5 Rxe5 42. Qd6+ Ke4 43. f3+ Kf5 44. Qxe5+ 1-0

[Event "Aarhus-chA"]
[Site "Aarhus"]
[Date "2017.02.18"]
[Round "4"]
[White "Bank, Pelle Rodkjaer"]
[Black "Jensen, Jakob Kjaer"]
[Result "1-0"]
[WhiteElo "2299"]
[BlackElo "2211"]
[PlyCount "93"]
[EventDate "2017.02.17"]
[EventType "tourn"]
[EventRounds "5"]
[EventCountry "DEN"]
[SourceTitle "EXT 2018"]
[Source "ChessBase"]
[SourceDate "2017.10.13"]
[SourceVersion "1"]
[SourceVersionDate "2017.10.13"]
[SourceQuality "1"]

1. d4 d5 2. Nc3 Nf6 3. Bf4 c6 4. Qd2 Bf5 5. f3 e6 6. g4 Bg6 7. h4 h5 8. g5 Ng8 9. a3 Qa5 10. e4 Nd7 11. Bd3 Ne7 12. Nge2 a6 13. b4 Qb6 14. Na4 Qa7 15. c3 Bh7 16. Ng3 Bg8 17. Nc5 Ng6 18. Be3 Qb8 19. e5 Ne7 20. Qc2 g6 21. Nxd7 Kxd7 22. c4 Bg7 23. f4 Qd8 24. 0-0 Bf8 25. a4 dxc4 26. Bxc4 Nf5 27. Nxf5 gxf5 28. b5 Bb4 29. bxc6+ bxc6 30. Rfc1 a5 31. Be2 Qb6 32. Bf3 Rc8 33. Qd3 Ke7 34. d5 c5 35. d6+ Kf8 36. Qb5 Qa7 37. Qb7 Qxb7 38. Bxb7 Rb8 39. Ba6 Bh7 40. Bb5 Kg7 41. Bxc5 Bd2 42. Rf1 Rhc8 43. Ba7 Ra8 44. Bb6 Rc3 45. d7 Be3+ 46. Bxe3 Rxe3 47. Rac1 1-0

[Event "Aarhus-chA"]
[Site "Aarhus"]
[Date "2017.02.17"]
[Round "2"]
[White "Bank, Pelle Rodkjaer"]
[Black "Wilbrandt, Simon Pil"]
[Result "1-0"]
[WhiteElo "2299"]
[BlackElo "2194"]
[PlyCount "73"]
[EventDate "2017.02.17"]
[EventType "tourn"]
[EventRounds "5"]
[EventCountry "DEN"]
[SourceTitle "EXT 2018"]
[Source "ChessBase"]
[SourceDate "2017.10.13"]
[SourceVersion "1"]
[SourceVersionDate "2017.10.13"]
[SourceQuality "1"]

1. d4 Nf6 2. Bg5 d5 3. e3 c5 4. Bxf6 gxf6 5. Nc3 e6 6. Qh5 cxd4 7. exd4 Bb4 8. Bd3 Nc6 9. Nf3 f5 10. 0-0 Qf6 11. Bb5 0-0 12. Bxc6 bxc6 13. Rad1 c5 14. a3 Ba5 15. dxc5 Bxc3 16. bxc3 Ba6 17. Rfe1 Rac8 18. Ne5 Rfd8 19. c6 Bb5 20. f4 Bxc6 21. Re3 Ba4 22. Rg3+ Kf8 23. Qxh7 Rc7 24. Rb1 Ke7 25. Rg7 Kd6 26. c4 Bxc2 27. Rc1 Ba4 28. Rxf7 Rxf7 29. Qxf7 Qxf7 30. Nxf7+ Ke7 31. Nxd8 Kxd8 32. cxd5 exd5 33. Kf2 Kd7 34. Ke3 Kd6 35. Kd4 Bb5 36. Rc3 Bf1 37. Rg3 1-0

[Event "Malmo op"]
[Site "Malmo"]
[Date "2016.12.17"]
[Round "3"]
[White "Hagglund, Lars"]
[Black "Bank, Pelle Rodkjaer"]
[Result "0-1"]
[WhiteElo "1883"]
[BlackElo "2283"]
[PlyCount "78"]
[EventDate "2016.12.16"]
[EventType "swiss"]
[EventRounds "7"]
[EventCountry "SWE"]
[SourceTitle "CBM 176 Extra"]
[Source "ChessBase"]
[SourceDate "2017.03.02"]
[SourceVersion "1"]
[SourceVersionDate "2017.03.02"]
[SourceQuality "1"]

1. d4 e6 2. Nf3 c5 3. c3 Nf6 4. Bg5 b6 5. e3 Bb7 6. Nbd2 Be7 7. Bd3 Nc6 8. 0-0 d5 9. Qe2 a6 10. Rae1 0-0 11. Bb1 Nd7 12. Bxe7 Nxe7 13. Qd3 Ng6 14. e4 a5 15. exd5 Ba6 16. c4 exd5 17. b3 Qc7 18. Re7 Rfe8 19. Re3 dxc4 20. bxc4 cxd4 21. Qxd4 Rxe3 22. fxe3 Rd8 23. Ng5 Nf6 24. Qb2 Qc5 25. Ngf3 Qxe3+ 26. Kh1 Qc5 27. Qc3 Nf4 28. Qc2 Nd3 29. h3 Qe3 30. Qb3 Nh5 31. Re1 Nf2+ 32. Kh2 Qf4+ 33. Kg1 Nxh3+ 34. gxh3 Qg3+ 35. Kh1 Bb7 36. Be4 Rxd2 37. Nxd2 Qxe1+ 38. Kg2 Qxd2+ 39. Kf3 Qf4+ 0-1

[Event "Aarhus-chA"]
[Site "Aarhus"]
[Date "2016.02.19"]
[Round "1"]
[White "Bank, Pelle Rodkjaer"]
[Black "Seegert, Kristian"]
[Result "0-1"]
[WhiteElo "2252"]
[BlackElo "2238"]
[PlyCount "80"]
[EventDate "2016.02.19"]
[EventType "tourn"]
[EventRounds "5"]
[EventCountry "DEN"]
[SourceTitle "EXT 2019"]
[Source "ChessBase"]
[SourceDate "2018.10.10"]
[SourceVersion "1"]
[SourceVersionDate "2018.10.10"]
[SourceQuality "1"]

1. d4 Nf6 2. c4 c5 3. d5 b5 4. f3 bxc4 5. e4 d6 6. Bxc4 g6 7. Nc3 Bg7 8. f4 Nbd7 9. Nf3 Nb6 10. Bb5+ Bd7 11. a4 Bxb5 12. axb5 0-0 13. 0-0 Nfd7 14. Kh1 Qc7 15. Be3 Nc4 16. Bc1 a6 17. bxa6 Na5 18. a7 Qxa7 19. Qe1 Qb7 20. e5 Nb6 21. Qe4 Nb3 22. Rxa8 Rxa8 23. Be3 Qa6 24. Rd1 Qc4 25. Qc2 Ra1 26. Rxa1 Nxa1 27. Qd1 Nb3 28. h4 Nd7 29. e6 fxe6 30. Ng5 Bxc3 31. dxe6 Nf6 32. bxc3 Qxc3 33. Qf3 Qe1+ 34. Bg1 Qxh4+ 35. Nh3 Nd2 36. Qa8+ Kg7 37. Qd8 Nfe4 38. Be3 Qe1+ 39. Ng1 Ng3+ 40. Kh2 Ngf1+ 0-1